| 000 | 00808nam a22001935i 4500 | ||
|---|---|---|---|
| 001 | 178727 | ||
| 003 | ES-MaACL | ||
| 005 | 20230906220607.0 | ||
| 008 | 110613s1974 sp a |||| | spa d | ||
| 080 | _a616.34-007.43 | ||
| 100 | 1 |
_aTerret Jaume, Andrés. _9147172 |
|
| 245 | 1 | 0 |
_aHernias _b: (la hernia inguinal recidivada) / _cresumen de la tesis presentada para aspirar al grado de doctor en medicina por Andrés Ferret Jaume. |
| 260 |
_aBarcelona : _bUniversidad de Barcelona, Secretariado de Publicaciones, Intercambio Científico y Extensión Universitaria : _b[Ivern], _c1974. |
||
| 300 |
_a16, [2] p. de il. bl. y n. ; _c24 cm. |
||
| 500 | _aCub. tomada como port. | ||
| 650 | 0 | 4 |
_aHernias. _9136219 |
| 710 | 2 |
_aUniversidad de Barcelona. _97141 |
|
| 852 |
_aES-MaACL _jE-15361 (130) _xOlim P-1374 |
||
| 999 |
_c178727 _d178727 |
||